Estrategia y el panorama empresarial
Salvato in:
| Autore principale: | |
|---|---|
| Natura: | Libro |
| Lingua: | spagnolo |
| Pubblicazione: |
Madrid
Prentice Hall
2007
|
| Edizione: | 2a. ed |
| Soggetti: | |
| Tags: |
Aggiungi Tag
Nessun Tag, puoi essere il primo ad aggiungerne!!
|
MARC
| LEADER | 00000nam a2200000 a 4500 | ||
|---|---|---|---|
| 001 | UCI2006 | ||
| 003 | CL-VaPUC | ||
| 008 | 070727e20070000SP |||||||||||||||||spa|d | ||
| 020 | |a 848322335X | ||
| 082 | 0 | 4 | |a 658.4012 |b GHE |2 21 |
| 100 | |a Ghemawat, Pankaj |e author |9 522840 | ||
| 245 | 1 | 0 | |a Estrategia y el panorama empresarial |
| 250 | |a 2a. ed | ||
| 300 | |a 217 p | ||
| 942 | |c BK | ||
| 945 | |d 20070727 00:00:00 |a jtorresc | ||
| 260 | |a Madrid |b Prentice Hall |c 2007 | ||
| 650 | 0 | |a Planificación estratégica |9 259735 | |
| 650 | 0 | |a Competencia |9 269688 | |
| 650 | 7 | |a PLANIFICACION Y CONTROL |2 CL-VaPUC |9 522841 | |
| 650 | 0 | |a Administración de empresas |9 260833 | |
| 650 | 0 | |a Ventaja competitiva |9 522842 | |
| 583 | |a last modification |c 20070727 00:00:00 |k Rodrigo Vera | ||
| 999 | |c 326671 |d 326669 | ||
| 952 | |0 0 |1 0 |4 0 |6 658_401200000000000_GHE_2007 |7 0 |8 A |9 408726 |a BIBENE |b BIBENE |d 2019-11-22 |i 4359046 |o 658.4012 GHE 2007 |p 4359046 |r 2025-01-15 |w 2019-11-22 |y BK |k ICO | ||